| 000 | 00397nam a22001697a 4500 | ||
|---|---|---|---|
| 999 |
_c16803 _d16803 |
||
| 003 | NUST | ||
| 008 | 140107t xxu||||| |||| 00| 0 eng d | ||
| 020 | _a969-35-1368-1 | ||
| 038 | _aASAB | ||
| 082 | _aFic | ||
| 100 |
_aAshfaq Ahmad _9532 |
||
| 245 |
_aAik he boli _bPhulkari |
||
| 246 | _aaik hi boli | ||
| 260 |
_aLahore _bSang e Meel publications _c2007 |
||
| 300 | _a123 P | ||
| 942 |
_2ddc _cBK |
||